00686nam a2200229 a 4500001001300000003000900013005001700022008004100039020000900080082001500089100001900104245005800123260004500181300000800226500003500234650002200269700001900291902000800310942000700318952011400325999001700439nice12345678IN_TiNIC20260116014453.0070411s2006 newa grp 000 0 eng  ac1000a303.6bDUR aDurrany, Seema aProtection of Women from Domestice Violence Act, 2005 aNew DelhibIndian Social Institutec2006 a19p aincludes index and biblioraphy aDomestic Violance1 aDurrany, Seema bSRS cBK 001040708StackRoom-aHMIbHMId2008-02-22g10.00l0o303.6 DURp021708r2020-03-11v10.00w2007-04-11yBK c15489d15489